The Flash (CW) Quiz - Statistics

General Stats
  • This quiz has been taken 540 times
  • The average score is 16 of 41
Answer Stats
Hint Answer % Correct
Cisco's Superhero Name Vibe
90%
Caitlin's Doppelganger Killer Frost
88%
Who Is Barry And Iris's Daughter Nora
81%
Wally West's Superhero Name Is Kid Flash
65%
Jay Garrick Is A Doppelganger Of Who on Earth-1 Henry Allen
64%
Who Does The Speed Force Look Like When Talking To Barry Nora Allen
64%
Who Is Barry And Iris's Son Bart
58%
Where Did Barry Go At The End Of Season 3 The Speed Force
56%
According To Joe, Who Did Barry Love "Before He Knew What Love Was" Iris
55%
Zoom's Real Name Hunter Zolomon
52%
Who Does Eobard Thawne Disguise Himself As? Harrison Wells
50%
Who Sacrificed Themself To Erase Reverse-Flash Out Of Existence? Eddie Thawn
49%
What Substance Makes a Speedster's Lightning Turn Blue Velocity-9
48%
Savitar Was Supposed To Kill Iris But Didn't. Who Did He Actually Kill? H.R Wells
46%
What is Barry And Iris's Daughter's Superhero Name XS
46%
Joe West's Favorite Music Genre Is ____ Jazz
43%
The Cop's Full Name Who Barry Dated For A Few Episodes Patty Spivot
43%
Joe West's Second Wife? Cecile
40%
Captain Cold's Real Name Is Leonard Snart
39%
Reverse-Flash Kidnapped Eddie When He Was About To _________ To Iris? Propose
39%
How Many PhD's Does Harry Wells Have? 7
37%
Harry Well's Daughter's Name Is Jesse
37%
The Above's Child Wally West
36%
Ralph Dinby's Superhero Name Is? Elongated Man
35%
What Superpower Does Gorilla Grodd Have Telepathy
35%
Before Iris Worked As A Reporter, What Other Place Did She Work At? Jitter's
33%
On Barry's Facebook Page, His Favorite Song Is _____ ____ Poker Face
33%
When Barry Gets Drunk At The Club, What Food Does He Say He Loves "So Much" Chicken Wings
31%
What Is Barry And Iris's Son's Superhero Name Impulse
31%
Barry And Iris's Kids Travel Back In Time From The Year _____ 2049
22%
Which Main Superhero Dies During The Crisis Of Infinite Earths? Green Arrow
17%
On Earth-2, What Is Cisco's Doppelganger's Supervillain Name? Reverb
16%
Who Is The Best Hacker In The World According to Caitlin And Barry? Felicity Smoak
15%
Cisco's Girlfriend From Another Earth Is Gypsy
15%
Who Discovered That Nora Was Talking To Eobard Thawne By Looking In Her Diary? Sherloque Wells
14%
What Does H.R Wells Love Tapping/Playing With? Drum Sticks
13%
What Is Eddie Thawne's Supervillain Name? Cobalt Blue
12%
Barry Allen's Day Job Is A __________ Forensic Scientist
8%
After Gorilla Grodd Was Sent Back To Earth-2, Where Did He End Up? Gorilla City
8%
Joe West's First Wife Who Left Him When Iris Was A Baby Candice
3%
What Were The Three People That Drained The Speed Force's Power Called? The Negative Forces
3%
No matching quizzes found
Score Distribution
Percent of People with Each Score
Percentile by Number Answered
Your Score History
You have not taken this quiz